00993pam a22002655a 4500001001000000003000400010005001700014008004100031020001800072020001500090040004000105082002500145100002400170245006600194260009100260300003400351504005100385650006300436651001000499653002200509700002600531942000800557999001700565952014500582016036194OSt20180109122438.0120213t2013 paua frb 001 0 eng d a9781609135331 a1609135334 aStDuBDSbengcStDuBDSdUkdEG-ScBUE04a618.9200231222bKYL1 aKyle, Terri.91996910aPediatric nursing clinical guide /cTerri Kyle, Susan Carman. aPhiladelphia ;aLondon :bWolter Kluwer Health/Lippincott Williams & Wilkins,cc.2013. avii, 449 p. :bill. ;c19 cm. aIncludes bibliographical references and index. 7aPediatric nursing vHandbooks, manuals, etc.2BUEsh941624 2BUEsh bNNURcJanuary20181 aCarman, Susan.932495 2ddc c25909d25881 00102ddc4070aMAINbMAINc0THd2018-01-09ePurchaseg140.00h20677l0o618.9200231 KYLp000047122r2025-11-26 00:00:00v175.00yREFERENCE